00533nam a2200205 a 4500001001300000003000900013005001700022008004100039020000800080082001700088100001600105245004000121260004100161300000900202500003500211505001000246650002800256650002700284700001600311nice12345678IN_TiNIC20260116011521.0050524s0000 lona grp 000 0 eng  ac000a954.025bMUK aMukerjee, R aEconomic History of India 1600-1800 aLondonbLongmans, Green and Coc0000 a195p aincludes index and biblioraphy2 aIndex aBritish-India Economics aMughal India-Economics1 aMukerjee, R